[Event "TCh-CHN 2019"]
[Site "China CHN"]
[Date "2019.12.07"]
[Round "22.6"]
[Board "1"]
[White "Zeng, Chongsheng"]
[Black "Jakovenko, Dmitry"]
[Result "1-0"]
[WhiteTitle "GM"]
[BlackTitle "GM"]
[WhiteElo "2552"]
[BlackElo "2698"]
[WhiteTeam "Chongqing Sports lottery chess team"]
[BlackTeam "Hangzhou Bank Team"]
[WhiteFideId "8603847"]
[BlackFideId "4122356"]
[EventDate "2019.04.09"]

1. c4 e5 2. Nc3 Nf6 3. Nf3 Nc6 4. d3 Bb4 5. Bd2 O-O 6. a3 Bxc3 7. Bxc3 Re8 8. e4
d6 9. h3 Ne7 10. g3 Bd7 11. Bg2 b5 12. c5 Ng6 13. cxd6 cxd6 14. O-O Bc6 15. Rc1
Qd7 16. Nd2 a5 17. Re1 h5 18. d4 h4 19. d5 Bb7 20. Nb3 a4 21. Na5 Bc8 22. Nc6
Nh7 23. Bd2 f5 24. exf5 Qxf5 25. Be4 Qf7 26. Qh5 Ngf8 27. Qxf7+ Kxf7 28. g4 Ng6
29. f4 Nf6 30. Bxg6+ Kxg6 31. fxe5 dxe5 32. Rxe5 Rxe5 33. Nxe5+ Kh7 34. d6 Be6
35. Rc7 Rd8 36. Bg5 Kg8 37. d7 Kf8 38. Bxh4 1-0